ArcView GIS developer's guide : (Registro nro. 2677)

Detalles MARC
000 -CABECERA
Campo de control 00782cam a2200241 a 4500
005 - FECHA Y HORA DE LA ULTIMA TRANSACCION
Campo de control 20180803165028.0
008 - ELEMENTOS DE LONGITUD FIJA—INFORMACION GENERAL
Campo de control 010411s2002 nyua 001 0 eng
020 ## - ISBN
ISBN 076682800X
040 ## - FUENTE DE CATALOGACIÓN
Agencia catalogadora original DLC
Agencia transcriptora DLC
Agencia Modificadora DLC
-- CO-BoIAVH
041 0# - IDIOMA
Código de idioma para texto/pista de sonido o título separado Inglés
044 ## - PAÍS DE PUBLICACIÓN
País de publicación Estados Unidos
082 00 - NUMERO DE CLASIFICACION DECIMAL DEWEY
Número de clasificación 910.285
Número del ítem R27a
100 1# - ASIENTO PRINCIPAL--NOMBRE PERSONAL
Nombre personal Razavi, Amir H.,
Fechas asociadas con el nombre 1957-
9 (RLIN) 65785
245 10 - MENCION DE TITULO
Título ArcView GIS developer's guide :
Parte restante del título programming with Avenue /
Mención de responsabilidad Amir H. Razavi.
250 ## - MENCION DE EDICION
Mención de edición Cuarta edición
260 ## - PUBLICACION, DISTRIBUCION, ETC. (PIE DE IMPRENTA)
Lugar de publicación, distribución, etc. Albany, NY :
Nombre del editor, distribuidor, etc. Onword Press,
Fecha de publicación, distribución, etc. c2002.
300 ## - DESCRIPCION FISICA
Extensión xix, 373 páginas :
Otros detalles físicos ilustraciones ;
Dimensiones 24 x 19 centímetros
500 ## - NOTA GENERAL
Nota general Incluye índice.
630 00 - ASIENTO SECUNDARIO DE MATERIA - TITULO UNIFORME
Uniform title ArcView.
9 (RLIN) 16958
650 #0 - ASIENTO SECUNDARIO DE MATERIA - TERMINO TEMATICO
Término temático o nombre geográfico como elemento de entrada Aplicación informática
Subdivisión general Desarrollo.
9 (RLIN) 65787
650 #4 - ASIENTO SECUNDARIO DE MATERIA - TERMINO TEMATICO
Término temático o nombre geográfico como elemento de entrada Avenue (Lenguaje de programación)
9 (RLIN) 65788
942 ## - ELEMENTOS ADICIONALES (KOHA)
Sistema de clasificación Dewey Decimal Classification
Tipo de ítem Libro
Existencias
Withdrawn status Lost status Sistema de Clasificación Damaged status No para préstamo Colección Inventariado Ubicación Permanente Ubicación actual Fecha de adquisición Fuente de Valor Total Checkouts Número topográfico Inventario / Código de Barras Date last seen Ejemplar Price effective from Forma de adquisición Tipo de material
    Dewey Decimal Classification     General Inventariado 2017 Bogotá Bogotá 11/06/2002 Amazon   LB-910.285 R27a 004979 04/12/2012 Ej. 1 04/12/2012 Compra Libro